000 007450000a22001210004500
100 1 _aSilva Romero, Ricardo
245 1 0 _aUn nuevo mundo : David Lynch estrena su grito de independencia
300 _aVol.0, núm.14 (Noviembre, 2006), Páginas 28-29
500 _aEscritor, periodista y columnista de opinión.
520 _aLa tecnología digital, internet y la autogestión están revolucionando la industria del cine norteamericano. Grandes directores como David Lynch se la juegan solos con bajos presupuestos y control absoluto de sus producciones, como en Inland Empire, su última película. ¿Lograrán los directores de culto derrotar a los productores de Hollywood?
773 0 _tArcadia / Andrés Felipe Solano, Editor
942 _cANA
999 _c61858
_d61858